000 00721cam a22002651 4500
001 sa 67002283
003 DLC
005 20260227112330.0
008 730116s1966 xx 000 0 eng
010 _asa 67002283
015 _aGB67-15581
035 _a(OCoLC)538627
040 _aDLC
_cOAU
_dUk
_dDLC
042 _apremarc
050 0 0 _aHQ669
_b.F6
082 _a301.42/0954
100 1 _aFonseca, Mabel B.,
_d1935-
245 1 0 _aCounseling for marital happiness,
_cby Mabel Fonseca.
260 _aBombay,
_bManakatalas
_c[1966]
300 _axii, 291 p.
_c23 cm.
504 _aBibliography: p. 271-284.
650 0 _aMarriage
_zIndia.
650 0 _aFamilies
_zIndia.
650 0 _aMarriage counseling
_zIndia.
999 _c73177
_d73177